Najbardziej płatne zawody na Świecie - Statystyki

Ogólne statystyki
  • Ten quiz został rozwiązany 75 razy
  • Średni wynik to 1 z 6
Statystyki odpowiedzi
Hint Odpowiedź % Poprawnych
Związany z Medycyną i operacjami zarabia nawet 1,8 miliona złotych Chirurg
100%
Najwyższe stanowisko kierownicze w spółkach w systemach zarabia nawet 1.1 miliona złotych CEO
11%
Odnosi się do praktyki prawnej dotyczącej teorii korporacji zarabia nawet 890.tyś złotych Prawnik korporacyjny
3%
Zawód związany z liniami lotniczymi, samolotami i podróżami zarabia nawet 890.tyś złotych Pilot linii lotniczych
2%
Tytuł honorowy nadawany nauczycielom szkolnictwa podstawowego, gimnazjalnego, ponadgimnazjalnego, ponadpodstawowego tytuł używany zwyczajowo w szkolnictwie średnim. Zarabia nawet 780.tyś złotych Profesor uniwersytecki
0%
Odgrywa kluczową rolę w budowaniu kultury danych w organizacji. W codziennej pracy zajmuje się rozwiązywaniem złożonych problemów biznesowych. Projektuje, rozwija i wprowadza systemy zarządzania danymi. zarabia nawet 590.tyś złotych Senior data scientist
0%
Nie znaleziono quizów pasujących do podanych kryteriów
Rozkład punktacji
Procent ludzi z każdym wynikiem
Percentyl według liczby udzielonych odpowiedzi
Twoja historia wyników
Nie rozwiązałeś tego quizu